Normal view
MARC view
- Encyclopaedic Dictionary
Entry Topical Term
001 - CONTROL NUMBER
- control field: 104872
003 - CONTROL NUMBER IDENTIFIER
- control field: NUST
005 - DATE AND TIME OF LATEST TRANSACTION
- control field: 20221214161323.0
008 - FIXED-LENGTH DATA ELEMENTS
- fixed length control field: 221214|| aca||aabn | a|a d
040 ## - CATALOGING SOURCE
- Original cataloging agency: NUST
- Transcribing agency: NUST
150 ## - HEADING--TOPICAL TERM
- Topical term or geographic name entry element: Encyclopaedic Dictionary
670 ## - SOURCE DATA FOUND
- Source citation: Work cat.: (NUST)184867: Nath, Som 104871, Encyclopaedic Dictionary of Statics (Vol 1-2), 2000
